Náklady a výnosy poľnohospodárskych výrobkov v SR za rok 2009 v triedení podľa výrobných oblastí

Guardado en:
Detalles Bibliográficos
Otros Autores: Burianová, Viera
Formato: Libro
Lenguaje:eslovaco
Publicado: Bratislava Výskumný ústav ekonomiky poľnohospodárstva a potravinárstva 2010
Materias:
Etiquetas: Agregar Etiqueta
Sin Etiquetas, Sea el primero en etiquetar este registro!

MARC

LEADER 00000nam$a2200000$$$4500
001 0123104
005 20240223110308.1
020 |a 978-80-8058-551-8 
041 0 |a slo 
044 |a SK 
245 1 0 |a Náklady a výnosy poľnohospodárskych výrobkov v SR za rok 2009 v triedení podľa výrobných oblastí  |c zostavila: Viera Burianová 
264 1 |a Bratislava  |b Výskumný ústav ekonomiky poľnohospodárstva a potravinárstva  |c 2010 
300 |a 58 s. 
610 2 0 |a výrobky poľnohospodárske 
610 2 0 |a náklady 
610 2 0 |a výnosy 
610 2 0 |a podnik poľnohospodársky 
610 2 0 |a kalkulácia 
610 2 0 |a ukazovatele ekonomické 
610 2 0 |a výroba rastlinná 
610 2 0 |a výroba živočíšna 
610 2 0 |a výroba poľnohospodárska 
610 2 0 |a Slovensko 
610 2 0 |a 2009 
700 1 |a Burianová, Viera